| 000 | 00540nam a22001937a 4500 | ||
|---|---|---|---|
| 999 |
_c4418 _d4418 |
||
| 003 | OSt | ||
| 005 | 20210215145811.0 | ||
| 008 | 160621b xxu||||| |||| 00| 0 eng d | ||
| 020 | _a0340631902 | ||
| 040 | _cDNLM. | ||
| 082 | _aQT4C529p 1995. | ||
| 100 |
_aClancy, John; McVicar, J.Andrew _99494 |
||
| 245 |
_aPhysiology & Anatomy: _ba homeostatic Approach. |
||
| 260 |
_aLondon; _bEdward Arnold, _c1995. |
||
| 300 |
_a725p. _bcol,ill; _c26cm. |
||
| 504 | _aincludes index. | ||
| 650 |
_aPhysiology and Anatomy. _99495 |
||
| 942 |
_2z _cO_SHELF |
||